00993nam a22002411 450000100060000000300080000600500170001400800390003103500190007003500180008904000330010704100130014008200210015310000660017424502290024026000480046930000270051750400640054465000380060865000200064670000530066670000320071919445BD-RjUL20211209000431.0140224s1938 enk 001 0 eng a(BD-RjUL)19505 a(OCoLC)895682 aDLCcNSyUdDLCdBD-RjULbeng1 aenghara a780.13bIBT 19382 aIbn Abī al-Dunyā, ʻAbd Allāh ibn Muḥammad,d823-894.10aTracts on listening to music :bbeing D̲h̲amm al-malāhī /cIbn abī 'l-Dunyā, and Bawāriq al-ilmāʻ, by Majd al-Dīn al-Tūsī al-Ghazālī, edited with introduction, translation, and notes, by James Robson aLondon :bThe Royal Asiatic society,c1938. aviii, 192 p. ;c22 cm. a"Bibliography of books consulted": p. [185]-187. and index. 0aMusicxMoral and ethical aspects. 0aIslamic ethics.0 aAḥmad ibn Muḥammad, al-Ghazzālī,d-1126.1 aRobson, James,eed. and tr.